<?xml version="1.0" encoding="UTF-8"?><?xml-stylesheet type="text/xsl" href="static/style.xsl"?><OAI-PMH xmlns="http://www.openarchives.org/OAI/2.0/" xmlns:xsi="http://www.w3.org/2001/XMLSchema-instance" xsi:schemaLocation="http://www.openarchives.org/OAI/2.0/ http://www.openarchives.org/OAI/2.0/OAI-PMH.xsd"><responseDate>2026-04-29T23:05:09Z</responseDate><request verb="GetRecord" identifier="oai:riubu.ubu.es:10259/5508" metadataPrefix="marc">https://riubu.ubu.es/oai/request</request><GetRecord><record><header><identifier>oai:riubu.ubu.es:10259/5508</identifier><datestamp>2024-05-13T06:58:46Z</datestamp><setSpec>com_10259_5088</setSpec><setSpec>com_10259_2728</setSpec><setSpec>col_10259_5421</setSpec></header><metadata><record xmlns="http://www.loc.gov/MARC21/slim" xmlns:doc="http://www.lyncode.com/xoai" xmlns:xsi="http://www.w3.org/2001/XMLSchema-instance" xmlns:dcterms="http://purl.org/dc/terms/" xsi:schemaLocation="http://www.loc.gov/MARC21/slim http://www.loc.gov/standards/marcxml/schema/MARC21slim.xsd">
<leader>00925njm 22002777a 4500</leader>
<datafield tag="042" ind1=" " ind2=" ">
<subfield code="a">dc</subfield>
</datafield>
<datafield tag="720" ind1=" " ind2=" ">
<subfield code="a">García Terceño, Eva M.</subfield>
<subfield code="e">author</subfield>
</datafield>
<datafield tag="520" ind1=" " ind2=" ">
<subfield code="a">Durante los últimos años, la investigación educativa ha arrojado resultados positivos acerca de la utilización de enfoques de enseñanza STEM integrados para abordar el estudio de las ciencias de manera holística y contextualizada. Sin embargo, a pesar de estos resultados, la aplicación real de estos enfoques en las aulas escolares es puntual. Con el objetivo de revertir esta situación, este trabajo, enmarcado dentro del proyecto europeo botSTEM, busca favorecer la aplicación de enfoques de enseñanza STEM integrados en educación infantil, a través de la colaboración activa con los maestros y maestras en el diseño e implementación de secuencias didácticas STEM, gracias a la utilización de la Teoría de la Variación. Este objetivo será abordado a través de la presentación de un estudio preliminar de carácter cualitativo y cuyos resultados han permitido plantear el diseño de un futuro estudio interrumpido por la crisis sanitaria del COVID-19.</subfield>
</datafield>
<datafield tag="024" ind2=" " ind1="8">
<subfield code="a">http://hdl.handle.net/10259/5508</subfield>
</datafield>
<datafield ind1=" " ind2=" " tag="653">
<subfield code="a">Teoría de la Variación</subfield>
</datafield>
<datafield ind1=" " ind2=" " tag="653">
<subfield code="a">objeto de aprendizaje</subfield>
</datafield>
<datafield ind1=" " ind2=" " tag="653">
<subfield code="a">enseñanza STEM integrada</subfield>
</datafield>
<datafield ind1=" " ind2=" " tag="653">
<subfield code="a">docentes de educación infantil y proceso de enseñanza-aprendizaje</subfield>
</datafield>
<datafield ind1=" " ind2=" " tag="653">
<subfield code="a">Variation Theory</subfield>
</datafield>
<datafield ind1=" " ind2=" " tag="653">
<subfield code="a">object of learning</subfield>
</datafield>
<datafield ind1=" " ind2=" " tag="653">
<subfield code="a">integrated STEM education</subfield>
</datafield>
<datafield ind1=" " ind2=" " tag="653">
<subfield code="a">in service preschool teachers and learning-teaching process</subfield>
</datafield>
<datafield tag="245" ind1="0" ind2="0">
<subfield code="a">La teoría de la variación y el proceso de aprendizaje desde enfoques de enseñanza STEM integrados</subfield>
</datafield>
</record></metadata></record></GetRecord></OAI-PMH>